1234 1110 1235 1750 1626 1494 1749 1036 1889 1621 1593 1299 1354 1017 1294 1419 1615 1223 1715 1643 1022 1523 1534 1482 1381 1307 1171 1001 1912 1504 1331 1733 1454 1796 1929 1510 1575 1723 1594 1532 1308 1949 1445 1004 1969 1562 1432 1244 1251 1054 1478 1130 1598 1161 1058 1166 1532 1846 1064 1333 1358 1332 1190 1676 1616 1621 1294 1145 1605 1083 2000 1028 1364 1508 1723 1461 1736 1871 1369 1367 1277 1077 1739 1463 1529 1005 1796 1059 1908 1588 1408 1712 1843 1070 1129 1196 1424 1978 1496 BCNSPRNW ULIB Ver.6.0+V

เปลี่ยนเป็นภาษาไทย

Change to English
 แสดงรายละเอียดบรรณานุกรม
  กลับหน้าหลัก

Brief Record : Get Marc (ISO 2709) : E-mail record : QR code < ปิดหน้าต่าง
LEADER : 00000nam 2200000uu 4500
001    13399110399
003     ULIB
008    110506s2010||||th 000 0 tha d
020     ^a9780702031601
060 0   ^aWY 159 ^bP895 2010
245 0   ^aPractices in children is nursing : ^bguidelines for hospital and community / ^cedited by Sally Huband, Ethel Trigg.
250     3rd. ed..
260     ^aEdinburgh : ^bChurchill Livingstone, ^c2010.
300     ^aix, 487 p. : ^bill.
650     ^aPediatric nursing.
650     ^aCommunity health nursing.
650     ^aNursing process ^xMethods.
650     ^aNursing service, Hospital.
700 1   ^aHuband, Sally, ^eed.
700 1   ^aTrigg, Ethel, ^ejt. ed.
945    ^p0^l0^i030075
995     Kesorn
999 ^a ใช้งานได้ทุกระบบ
รายการนี้ยังไม่มีแท็ก
คุณยังไม่ได้ล็อกอิน คุณสามารถมีกิจกรรมร่วมกับเว็บไซต์ได้ แต่ต้องล็อกอินก่อน ::
  ล็อกอิน

รายการสื่อสารสนเทศ

ลำดับที่ ประเภท เลขเรียก/บาร์โค้ด สถานที่ สถานะ
- ไม่พบข้อมูล -

รายการใกล้เคียง
    หัวเรื่อง [Pediatric nursing.]

BibComment


ยังไม่เคยถูกคอมเมนท์

คอมเมนท์ทรัพยากรรายการนี้
  คอมเมนท์: Practices in ch..


 Copyright 2026. Bcnsprnw @Library